000 02162nam0a2200421 4500
001 RU\NLR\bibl\1222866
005 20260405160123.0
010 _a978-5-94057-319-7
_910000
021 _aRU
_b2008-18612
_91018
021 _aRU
_b2008-43681
_92418
035 _aRSL-KNO-002488758
035 _a(NLR Aleph) 001209201
090 _a67309
_c67309
100 _a20080506d2008 |||y0rusy50 ca
101 0 _arus
102 _aRU
105 _aa |||||||||
200 1 _aТеория вероятностей и статистика
_eучебное пособие
_fЮ.Н. Тюрин, А.А. Макаров, И.Р. Высоцкий, И.В. Ященко
205 _a2-е изд., перераб.
210 _aМосква
_cИзд-во МЦНМО
_cМосковские учебники
_d2008
215 _a255 с.
_cил., цв. ил.
_d22
313 _aПо 1изд.
606 1 _aВероятностей теория
_jУчебные издания для средней школы
_92081786
_3RU\NLR\auth\661257784
606 1 _aМатематическая статистика
_jУчебные издания для средней школы
_9936871
_3RU\NLR\auth\6627337
610 0 _aФизико-математические науки -- Математика -- Теория вероятностей -- Учебник для средней общеобразовательной школы
686 _aВ171я721-1
_2rubbk
686 _aВ17я721-1
701 1 _4070
_8rus
_7ca
_aТюрин
_bЮ. Н.
_f1935-
_cд-р физ.-мат. наук
_gЮрий Николаевич
_3RU\NLR\auth\7717146
_9236
701 1 _4070
_8rus
_7ca
_aМакаров
_bА. А.
_cканд. физ.-мат. наук
_gАлексей Алексеевич
_3RU\NLR\auth\7766822
_949750
701 1 _aВысоцкий
_bИ. Р.
_gИван Ростиславович
_4070
701 1 _4070
_7ca
_8rus
_aЯщенко
_bИ. В.
_f1968-
_gИван Валериевич
_9156865
_3RU\NLR\AUTH\770156905
801 0 _aRU
_bRuMoRKP
_c20041021
_grcr
801 1 _aRU
_bRuMoRGB
_c20041021
801 2 _aRU
_bNLR
_c20050331
_gPSBO
942 _cBOOK
980 _aNB